טוען...

Interconnection networks: an engineering approach/

מידע ביבליוגרפי
מחבר ראשי: Duato, Jose
פורמט: Printed Book
שפה:English
יצא לאור: Delhi: Elsevier, 2004
LEADER 00578nam a22001577a 4500
003 OSt
005 20200624134646.0
008 160531b xxu||||| |||| 00| 0 eng d
082 |a 621.3192 DUA/I 
100 |a Duato, Jose  
245 |a Interconnection networks:  |b an engineering approach/  |c Jose Duato, Sudhakar Yalamanchili and Lionel Ni 
260 |a Delhi:  |b Elsevier,  |c 2004 
300 |a 600p. 
942 |2 ddc  |c BK 
999 |c 329785  |d 329785 
952 |0 0  |1 0  |2 ddc  |4 0  |6 621_319200000000000_DUA_I  |7 0  |9 376380  |a CSC  |b CSC  |c ST1  |d 2016-05-31  |i 12123  |l 0  |o 621.3192 DUA/I  |p CSC12123  |r 2016-05-31  |w 2016-05-31  |y BK